[Event "VM Schachforum Darmstadt"]
[Site "?"]
[Date "2014.04.25"]
[Round "4.1"]
[White "Tierling, Detlef"]
[Black "Nies, Peter"]
[Result "1/2-1/2"]
[WhiteElo "1933"]
[BlackElo "1991"]
[PlyCount "167"]
[EventDate "2014.??.??"]
[WhiteTeam "SC Groß-Umstadt"]
[BlackTeam "SK 1980 Gernsheim"]

1. Nf3 e6 2. d4 Nf6 3. Bg5 h6 4. Bxf6 Qxf6 5. e4 b6 6. Bd3 Bb7 7. Qe2 c5 8. c3
cxd4 9. Nxd4 Nc6 10. Nxc6 Bxc6 11. Nd2 Be7 12. O-O Qf4 13. Rad1 Rd8 14. g3 Qc7
15. e5 Ba8 16. Rfe1 h5 17. h4 g5 18. hxg5 h4 19. g4 Bxg5 20. Nf3 Be7 21. Be4
Rg8 22. Bxa8 Rxg4+ 23. Kh1 Rxa8 24. Rg1 Rxg1+ 25. Rxg1 Qc6 26. Rg8+ Bf8 27. Kh2
Ke7 28. Qd2 d5 (28... Qxf3 29. Qd6+ Ke8 30. Rxf8#) 29. Qg5+ Kd7 30. Qf4 Be7 31.
Nd4 Qb7 32. Rxa8 Qxa8 33. Qxf7 Qf8 34. Qxe6+ Kc7 35. Qf5 Qxf5 36. Nxf5 Bg5 37.
Kh3 Kd7 38. Nd4 Bc1 39. Ne2 (39. b4 $142) 39... Bxb2 40. Kxh4 b5 41. Kg4 b4 42.
cxb4 Bxe5 43. Kf5 Bb2 44. Nf4 Kc6 45. Nd3 Ba3 46. Ke6 a5 47. bxa5 d4 48. Ke5 (
48. f4 $142) 48... Kb5 49. Kxd4 Kxa5 50. Kc4 Be7 51. Nc5 Bg5 52. f3 Be3 53. a3
Bg5 54. Kb3 Kb5 55. Nd3 Kc6 56. Kc4 Bf6 57. f4 Kb6 58. Ne5 Ka5 59. Nd7 Be7 60.
Nc5 $6 (60. Kb3 $142) 60... Bf8 $6 (60... Kb6 61. Ne4 Bxa3 $144) 61. f5 Be7 62.
Kd5 (62. a4 Kb6 63. Ne4 Kc7 64. a5 $18) 62... Kb5 63. a4+ Kb4 64. Ne4 Kxa4 65.
Ke6 Bh4 66. Kf7 Kb5 67. Kg6 Bd8 68. Nd6+ Kc6 69. Nf7 Be7 70. Nh6 Kd7 71. Kf7
Bh4 72. Ng4 Kd6 73. Kg6 Bd8 74. Nh2 Kd7 75. Nf3 Ke8 76. Ng5 Bxg5 77. Kxg5 Kf7
78. f6 Kf8 (78... Kg8 $4) 79. Kg6 Kg8 80. Kf5 Kf7 81. Ke5 Kf8 (81... Ke8 $4 82.
Ke6 Kf8) 82. Ke6 Ke8 83. f7+ Kf8 84. Kf6 1/2-1/2

[Event "VM Schachforum Darmstadt"]
[Site "?"]
[Date "2014.04.25"]
[Round "4.2"]
[White "Rolf, Marco"]
[Black "Günzler, Richard"]
[Result "0-1"]
[WhiteElo "1890"]
[BlackElo "1912"]
[PlyCount "74"]
[EventDate "2014.??.??"]
[WhiteTeam "SK Bad Homburg 1927"]
[BlackTeam "SC 1961 König Nied"]

1. d4 d6 2. c4 e5 3. Nf3 e4 4. Ng5 f5 5. Nc3 Be7 6. Nh3 Nf6 7. e3 c6 8. Be2 O-O
9. O-O Na6 10. Nf4 g5 11. Nh3 h6 12. f3 exf3 13. gxf3 f4 14. Nf2 fxe3 15. Bxe3
Nh5 16. d5 Bf6 17. Ng4 Bg7 18. dxc6 bxc6 19. Ne4 d5 20. cxd5 cxd5 21. Ng3 Nf4
22. Bxf4 gxf4 23. Nh5 Qb6+ 24. Kh1 Bd4 25. Rc1 Bb7 26. Bxa6 Bxa6 27. Rg1 Kh8
$18 (27... Bxg1 28. Qxd5+ Kh8 29. Rc6 $18) 28. Rc6 Bxg1 29. Rxb6 Bxb6 30. Qxd5
Rae8 31. Ne5 Rf5 32. Qd7 $4 {Was für ein Drama ! Weiß übersieht, dass Schwarz
eine entscheidende Mattdrohung aufbauen kann.} (32. Ng6+ $3 Kh7 33. Qd7+ Kxg6
34. Qg7+ Kxh5 35. Qg4#) (32. Qd6 $3) (32. Qc6 $3) 32... Rg8 33. h4 $2 (33. Ng4
{Hält die Stellung wahrscheinlich.} Rxh5 34. Qc6 Rgg5 35. Qe8+ Kg7 36. Qe7+ Kg6
) 33... Rxe5 34. Nxf4 Re1+ 35. Kh2 Bg1+ 36. Kh3 Bf1+ 37. Ng2 Bxg2# 0-1

[Event "VM Schachforum Darmstadt"]
[Site "?"]
[Date "2014.05.08"]
[Round "4.3"]
[White "Grimm, Julius"]
[Black "Rutsatz, Mario"]
[Result "*"]
[WhiteElo "1988"]
[BlackElo "1955"]
[PlyCount "63"]
[EventDate "2014.??.??"]
[WhiteTeam "Sfr. Frankfurt 1921"]
[BlackTeam "SV Schachforum Darmstadt 1994"]

1. d4 Nf6 2. c4 g6 3. Nc3 d5 4. Nf3 Bg7 5. Qb3 dxc4 6. Qxc4 O-O 7. e4 Nc6 8.
Be2 Bg4 9. d5 Na5 10. Qb4 Bxf3 11. Bxf3 c6 12. O-O cxd5 13. Nxd5 Nxd5 14. exd5
Rc8 15. Bg5 Re8 16. d6 Nc6 17. Bxc6 Rxc6 18. dxe7 Qb6 19. Qxb6 Rxb6 20. Rad1 f6
21. Be3 Rxb2 22. Rd8 Kf7 23. Bc5 b6 24. Bd6 f5 25. Rxe8 Kxe8 26. Rc1 Re2 27.
Rc8+ Kd7 28. Rd8+ Kc6 29. Kf1 Re6 30. Ba3 Bb2 31. Rd6+ Rxd6 32. e8=Q+ *

[Event "VM Schachforum Darmstadt"]
[Site "?"]
[Date "2014.04.25"]
[Round "4.4"]
[White "Cors, Heinz-Friedrich"]
[Black "Leck, Jakob"]
[Result "0-1"]
[WhiteElo "1811"]
[BlackElo "1745"]
[PlyCount "157"]
[EventDate "2014.??.??"]
[WhiteTeam "SV Schachforum Darmstadt 1994"]
[BlackTeam "SV Lahn Limburg"]

1. e4 e6 2. d4 d5 3. Nd2 Nf6 4. e5 Nfd7 5. Bd3 c5 6. c3 Nc6 7. Ne2 cxd4 8. cxd4
f6 9. exf6 Qxf6 10. Nf3 h6 11. O-O Bd6 12. Be3 O-O 13. Rc1 Kh8 14. Nc3 Nb6 15.
Be2 $6 (15. Bb1 $142) 15... Bd7 16. a3 Rad8 17. b4 Bc8 18. Qd2 Qf7 19. Qd3 Nc4
20. Nb5 Bb8 21. Qb3 Nxe3 22. fxe3 a6 23. Nc3 $2 (23. Ne5 $142 $1 Nxe5 24. Rxf7
Nxf7 25. Nc7 $18) 23... Qe7 24. Rf2 Qd6 25. g3 $2 (25. b5 $142 axb5 26. Nxb5
Qe7 $144) 25... e5 26. Rcf1 $2 (26. b5 exd4 27. bxc6 dxe3 28. Rff1 bxc6 29. Nh4
Bh3 30. Rxf8+ Rxf8 31. Qb6 $15) 26... Bh3 27. dxe5 Nxe5 28. Nxe5 Rxf2 (28...
Bxf1 29. Nf7+ Rxf7 30. Rxf7 Bh3 $19) 29. Rxf2 Qxe5 30. Nd1 Ba7 31. b5 Bc5 32.
Bf1 Bg4 33. Be2 Bh3 34. Bf1 Be6 35. bxa6 bxa6 36. Qb2 Qxb2 (36... d4 $1) 37.
Rxb2 Bg4 38. Be2 Bxe2 39. Rxe2 Bxa3 40. Ra2 Bc5 {
Beide haben so gerade die Zeitkontrolle geschafft !} 41. Rxa6 {(=)} d4 42. e4
Re8 43. Ra5 Rxe4 44. Rxc5 Re1+ 45. Kf2 Rxd1 46. Ke2 Rh1 47. Rd5 Rxh2+ 48. Kf1
Rd2 49. g4 Kh7 50. Ke1 Rd3 51. Ke2 Re3+ 52. Kf2 Re4 53. Kf3 Re3+ 54. Kf2 Re4
55. Kf3 Re1 56. Rxd4 Kg6 57. Kf4 Rf1+ 58. Kg3 Rg1+ 59. Kf2 Ra1 60. Kg3 Kg5 61.
Rd5+ Kg6 62. Rd6+ Kg5 63. Rd7 Ra3+ 64. Kf2 Kf6 65. Rd6+ Kg5 66. Rd7 g6 67. Rd6
h5 68. gxh5 Kxh5 69. Rd8 Kg4 70. Rd4+ Kf5 71. Rd5+ Ke4 72. Rg5 Ra6 73. Kg3 Rf6
74. Rg4+ Ke5 75. Ra4 Rd6 76. Ra5+ $2 (76. Kg4 $1 {Die Stellung ist total Remis,
aber in dieser hektischen Zeitnotphase mit nur noch Sekunden auf der Uhr habe
ich nicht mehr die besten Züge gefunden.}) 76... Kf6 77. Ra8 Kg5 78. Ra5+ Kf6
79. Ra8 {und hier endet die Mitschrift des Kollegen. Nach weiteren hektischen
Zügen überschritt Weiß schließlich die Zeit. Ein Protest auf Remis ist nicht
erfolgreich, da Schwarz immer Gewinnversuche unternimmt und der Mehrbauer das
deutliche Gewinnpotential darstellt.} 0-1

[Event "VM Schachforum Darmstadt"]
[Site "?"]
[Date "2014.04.25"]
[Round "4.5"]
[White "Wiewesiek, Timo"]
[Black "Schröder, Oliver"]
[Result "1-0"]
[WhiteElo "1749"]
[BlackElo "1794"]
[PlyCount "41"]
[EventDate "2014.??.??"]
[WhiteTeam "SV Schachforum Darmstadt 1994"]
[BlackTeam "SV Schachforum Darmstadt 1994"]

1. e4 d6 2. Nc3 g6 3. Bc4 Bg7 4. d3 Nf6 5. f4 Nc6 6. Nf3 O-O 7. O-O Na5 8. Bb3
Nxb3 9. axb3 c6 10. Qe1 b5 11. Kh1 Bb7 12. Qh4 Qd7 13. f5 a6 14. Bh6 c5 15. Ng5
e6 16. Bxg7 Kxg7 17. fxg6 hxg6 18. Rxf6 Kxf6 19. Rf1+ Ke7 20. Nh7+ f6 21. Nxf6
1-0

[Event "VM Schachforum Darmstadt"]
[Site "?"]
[Date "2014.04.25"]
[Round "4.7"]
[White "Seehaus, Bernhard"]
[Black "Hartmann, Marc Holger"]
[Result "1/2-1/2"]
[WhiteElo "1985"]
[BlackElo "1677"]
[PlyCount "49"]
[EventDate "2014.??.??"]
[WhiteTeam "SV Schachforum Darmstadt 1994"]
[BlackTeam "SV Schachforum Darmstadt 1994"]

1. d4 d5 2. c4 e6 3. Nc3 c5 4. e3 Nf6 5. Nf3 a6 6. cxd5 exd5 7. dxc5 Bxc5 8.
Be2 Nc6 9. O-O O-O 10. a3 Be6 11. b4 Ba7 12. Bb2 Rc8 13. Rc1 Qe7 14. Rc2 Rfd8
15. Rd2 Rd7 16. Bd3 Rcd8 17. Qc2 d4 18. exd4 Nxd4 19. Nxd4 Bxd4 20. Rfd1 Bg4
21. Ne2 $2 (21. Be2 Qe5 22. Ne4 Bxe2 23. Rxe2 Nxe4 24. Re3 Bxe3 25. Rxd7 Bxf2+
26. Qxf2 Rxd7 27. Bxe5 Nxf2 28. Kxf2) 21... Bxb2 22. Qxb2 Rxd3 $2 (22... Bxe2
$1) 23. Rxd3 Rxd3 24. Rxd3 Bxe2 25. Re3 $18 {(=)} 1/2-1/2

[Event "VM Schachforum Darmstadt"]
[Site "?"]
[Date "2014.04.25"]
[Round "4.11"]
[White "Tampe, Alexander"]
[Black "Torrijos, Javier"]
[Result "1-0"]
[WhiteElo "1508"]
[BlackElo "1397"]
[PlyCount "89"]
[EventDate "2014.??.??"]
[WhiteTeam "SV Schachforum Darmstadt 1994"]
[BlackTeam "SV Schachforum Darmstadt 1994"]

1. e4 c6 2. d4 d5 3. exd5 cxd5 4. Bd3 Nc6 5. c3 Nf6 6. Bf4 Bg4 7. Ne2 e6 8. f3
Bh5 9. Nd2 Bd6 10. O-O O-O 11. Nb3 e5 12. dxe5 Nxe5 13. Nbd4 Nxd3 14. Qxd3 Qb6
15. Qb5 Bc5 16. Qxb6 Bxb6 17. Kh1 Rfe8 18. Rfe1 a6 19. Bg3 Bg6 20. Nf4 Bxd4 21.
cxd4 Rad8 22. Bh4 Kf8 23. Rxe8+ Rxe8 24. Bxf6 gxf6 25. Rc1 Bf5 26. Kg1 Be6 27.
Rc7 Re7 28. Rc5 Rd7 29. Kf2 Rd6 30. b4 Rd7 31. a4 Ke7 32. a5 Kd8 33. g3 Rc7 34.
Ke3 Rxc5 35. bxc5 Kc7 36. Ne2 Kc6 37. Nc3 Bf5 38. Kf4 Be6 39. g4 h6 40. Kg3 Kc7
41. Kh4 Kd8 42. Kh5 Ke7 43. Kxh6 Kf8 44. h3 Kg8 45. f4 1-0

[Event "VM Schachforum Darmstadt"]
[Site "?"]
[Date "2014.05.16"]
[Round "5.1"]
[White "Günzler, Richard"]
[Black "Tierling, Detlef"]
[Result "0-1"]
[WhiteElo "1912"]
[BlackElo "1933"]
[PlyCount "120"]
[EventDate "2014.??.??"]
[WhiteTeam "SC 1961 König Nied"]
[BlackTeam "SC Groß-Umstadt"]

1. e4 g6 2. d4 Bg7 3. Nf3 c6 4. Be2 Nf6 5. e5 Nd5 6. c4 Nc7 7. Nc3 b5 8. cxb5
cxb5 9. Bxb5 Nxb5 10. Nxb5 Qa5+ 11. Nc3 Ba6 12. Qa4 Qb6 13. Nd5 Qb7 14. Qb3 Qc6
15. Bg5 e6 16. Nf6+ Bxf6 17. Bxf6 Qe4+ 18. Qe3 Qxe3+ 19. fxe3 O-O 20. Rc1 Nc6
21. a3 Rfb8 22. b4 Bb5 23. Kf2 a5 24. bxa5 Nxa5 25. Be7 Bc6 26. Bb4 Bd5 27. Nd2
Nc6 28. Bd6 Rb2 29. Ke1 Bxg2 30. Rg1 Bd5 31. Rb1 Rxb1+ 32. Nxb1 Na5 33. Nc3 Bb3
34. Kf2 Rc8 35. Rc1 Nc4 36. Bb4 Nb2 37. Rb1 Nd3+ 38. Ke2 Bc2 39. Kd2 Bxb1 40.
Nxb1 Nb2 41. Nc3 Ra8 42. Nb5 h5 43. Nd6 Kg7 44. Kc2 Na4 45. Ne4 Nb6 46. Kd3 Nd5
47. Bd6 Ra6 48. Bc5 h4 49. Ng5 f6 50. exf6+ Kxf6 51. Nf3 d6 52. Bxd6 Rxd6 53.
e4 Nf4+ 54. Ke3 Ng2+ 55. Kf2 Ra6 56. Kxg2 g5 57. Kh3 Rxa3 58. Kg4 Ra4 59. Nxg5
Rxd4 60. Kxh4 Rd1 {(restlichen Züge nicht mehr notiert)} 0-1

[Event "VM Schachforum Darmstadt"]
[Site "?"]
[Date "2014.05.16"]
[Round "5.2"]
[White "Nies, Peter"]
[Black "Grimm, Julius"]
[Result "1-0"]
[WhiteElo "1991"]
[BlackElo "1988"]
[PlyCount "103"]
[EventDate "2014.??.??"]
[WhiteTeam "SK 1980 Gernsheim"]
[BlackTeam "SV Schachforum Darmstadt 1994"]

1. e4 c6 2. d4 d5 3. e5 Bf5 4. Be2 e6 5. Nf3 Nd7 6. O-O Bg6 7. b3 Nh6 8. Bxh6
gxh6 9. c4 Bg7 10. g3 O-O 11. cxd5 cxd5 12. Nh4 Rc8 13. Nxg6 {(=)} hxg6 14. Nd2
Qb6 15. Nf3 Nb8 16. Qd3 Nc6 17. Rac1 a6 18. Qe3 Rc7 19. Bd3 Rfc8 20. Kg2 Qa5
21. Bb1 Na7 22. Rxc7 Qxc7 23. Ng1 Bf8 24. Ne2 Qb6 25. h4 Nb5 26. Rd1 Na3 27.
Bd3 Nc2 28. Qf4 Qd8 29. Rc1 Nb4 30. Bb1 Rxc1 31. Qxc1 Nc6 32. Qd2 Qa5 33. Qf4
Qe1 34. Bd3 Nb4 35. Qe3 Nxa2 36. h5 g5 37. f4 Be7 38. fxg5 Bxg5 39. Qf3 Nb4 40.
Bg6 f5 41. exf6 Qd2 42. Qg4 Qe3 43. Nf4 Bxf6 44. Bh7+ Kf7 45. Qg8+ Ke7 46. Ng6+
Kd6 47. Qf8+ Kc7 48. Qxf6 Nd3 49. Nf4 Qf2+ 50. Kh3 Qf1+ 51. Kh4 Nf2 52. Qxh6
1-0

[Event "VM Schachforum Darmstadt"]
[Site "?"]
[Date "2014.05.16"]
[Round "5.5"]
[White "Gramlich, Sebastian"]
[Black "Tampe, Alexander"]
[Result "1-0"]
[WhiteElo "2081"]
[BlackElo "1508"]
[PlyCount "123"]
[EventDate "2014.??.??"]
[WhiteTeam "SV Schachforum Darmstadt 1994"]
[BlackTeam "SV Schachforum Darmstadt 1994"]

1. e4 e5 2. Nf3 Nc6 3. c3 Nf6 4. d4 exd4 5. e5 Nd5 6. Bc4 Nb6 7. Bb3 dxc3 8.
O-O Be7 9. Nxc3 O-O 10. Bf4 d6 11. Qe2 dxe5 12. Rad1 Bd6 13. Nxe5 Qf6 14. Nxf7
Bxf4 15. Ne4 Qe7 16. Nfg5+ Kh8 17. Nxh7 Kxh7 18. Qh5+ Bh6 19. Rfe1 Qe5 20. Qh4
Rf4 21. Bc2 Bf5 22. Ng5+ Kh8 23. Nf7+ Kh7 24. Nxe5 Rxh4 25. Bxf5+ Kg8 26. Be6+
Kh7 27. Bf5+ Kg8 28. Be6+ Kh7 29. Nxc6 bxc6 30. g3 Rh5 31. f4 Rc5 32. Bb3 Nd5
33. Re6 Rd8 34. Kf2 Rd6 35. Re5 g6 36. h4 Bg7 37. Re2 Bf6 38. Kf3 Ne7 39. Rxd6
cxd6 40. Re6 Nd5 41. Bxd5 Rxd5 42. Rxf6 Kg7 43. Re6 Kf7 44. Re2 c5 45. Ke3 Kf6
46. g4 Rd1 47. Rd2 Re1+ 48. Kf2 Re6 49. Re2 d5 50. Rxe6+ Kxe6 51. Ke3 a5 52.
Kd3 a4 53. Kc3 d4+ 54. Kc4 Kd6 55. h5 gxh5 56. gxh5 Ke6 57. b4 Kf5 58. bxc5 Ke4
59. h6 d3 60. h7 d2 61. h8=Q d1=Q 62. Qe5+ 1-0

[Event "VM Schachforum Darmstadt"]
[Site "?"]
[Date "2014.05.16"]
[Round "5.6"]
[White "Schröder, Oliver"]
[Black "Seehaus, Bernhard"]
[Result "0-1"]
[WhiteElo "1794"]
[BlackElo "1985"]
[PlyCount "102"]
[EventDate "2014.??.??"]
[WhiteTeam "SV Schachforum Darmstadt 1994"]
[BlackTeam "SV Schachforum Darmstadt 1994"]

1. d4 d6 2. Bf4 Nd7 3. Nf3 g6 4. e3 Bg7 5. h3 e5 6. Bh2 Ne7 7. c3 O-O 8. Nbd2
h6 9. Be2 Nc6 10. Qb3 a5 11. O-O Qe7 12. Bb5 Na7 13. dxe5 Nxe5 14. Nxe5 dxe5
15. Be2 c6 16. Qb6 {(=)} Be6 17. Ne4 f5 18. Qc5 Qc7 19. Qd6 Qxd6 20. Nxd6 b5
21. c4 Rfd8 22. Rfd1 Nc8 23. Nxc8 Raxc8 24. cxb5 cxb5 25. Bxb5 Rxd1+ 26. Rxd1
Rc2 27. f3 Rxb2 28. a4 Kf7 29. Rd8 g5 30. Ra8 f4 31. Ra7+ Kf6 32. Ra6 fxe3 33.
Bg3 Kf7 34. Ra7+ Kg8 35. Ra8+ Bf8 36. Bxe5 Rb1+ 37. Kh2 Kf7 38. Ra7+ Kg8 39.
Bd3 Bc5 40. Ra8+ Kf7 41. Bxb1 e2 42. Bg3 (42. Bc3 $142 Bb4 43. Ra7+ Kf8 44. Bd3
Bxc3 45. Bxe2) 42... Bd6 43. Bxd6 e1=Q 44. Be4 Qd2 45. Rf8+ Kg7 46. Rd8 Kf7 47.
Rf8+ Kg7 48. Rd8 Qa2 49. Bf8+ Kf7 50. Bd6 (50. Bxh6 $142 Bc4 51. Bc6 g4 52.
hxg4) 50... Bc4 51. Bf5 Bf1 0-1

[Event "VM Schachforum Darmstadt"]
[Site "?"]
[Date "2014.05.15"]
[Round "5.9"]
[White "Pauli, Walter"]
[Black "Cors, HF ."]
[Result "1/2-1/2"]
[WhiteElo "1478"]
[BlackElo "1811"]
[PlyCount "99"]
[EventDate "2014.??.??"]
[WhiteTeam "SV Schachforum Darmstadt 1994"]
[BlackTeam "SV Lahn Limburg"]

1. e4 e5 2. Nf3 Nc6 3. d4 exd4 4. Bc4 Nf6 5. e5 d5 6. Bb5 Ne4 7. Nxd4 Bc5 8.
Be3 Bd7 9. Nxc6 bxc6 10. Bxc5 Nxc5 11. Bd3 Qg5 12. O-O O-O 13. f4 Qe7 14. Nc3
Rab8 15. b3 Nxd3 16. Qxd3 g6 17. Kh1 Bf5 18. Qd2 Rfd8 19. Ne2 c5 20. Ng3 Qe6
21. Nxf5 Qxf5 22. Qa5 c4 23. Qxa7 Qxc2 24. Rac1 Qb2 25. bxc4 dxc4 26. Qf2 Rd2
27. Qf3 Qxa2 28. h4 Rbd8 29. Qc6 Qa8 30. Qxa8 Rxa8 31. Rxc4 Raa2 32. Rg1 Rac2
33. Rxc2 Rxc2 34. Kh2 h5 35. Kg3 Rc3+ 36. Kf2 Rd3 37. Rc1 Rd7 38. Rc3 Kf8 39.
Kf3 Ke7 40. Rc6 Kd8 41. e6 fxe6 42. Rxe6 Rd6 43. Rxd6+ cxd6 44. Ke4 Ke7 45. f5
Kf6 46. fxg6 Kxg6 47. Kf4 d5 48. g4 hxg4 49. Kxg4 d4 50. Kf4 1/2-1/2

[Event "VM Schachforum Darmstadt"]
[Site "?"]
[Date "2014.05.16"]
[Round "5.12"]
[White "Torrijos, Javier"]
[Black "Müller, Alexander"]
[Result "1/2-1/2"]
[WhiteElo "1397"]
[BlackElo "1360"]
[PlyCount "111"]
[EventDate "2014.??.??"]
[WhiteTeam "SV Schachforum Darmstadt 1994"]
[BlackTeam "SV Schachforum Darmstadt 1994"]

1. d4 d5 2. c4 c6 3. Nc3 dxc4 4. e4 b5 5. a4 b4 6. Na2 b3 7. Nc3 Ba6 8. Nf3 e6
9. Ne5 Bb4 10. Bxc4 Bxc4 11. Nxc4 c5 12. Be3 Nf6 13. O-O cxd4 14. Bxd4 Nc6 15.
Bxf6 Qxd1 16. Rfxd1 gxf6 17. Nb5 Ke7 18. Rd3 a6 19. Nba3 Rhd8 20. Rxb3 Rd4 21.
f3 Rad8 22. h3 Rd1+ 23. Rxd1 Rxd1+ 24. Kh2 a5 25. Nc2 Nd4 26. N2e3 Rc1 27. Rd3
Ne2 28. Rd1 Rxd1 29. Nxd1 h5 30. g4 h4 31. Nde3 Be1 32. Ng2 Bg3+ 33. Kh1 Bc7
34. Nxh4 Nf4 35. Ng2 Nxh3 36. Nge3 Nf4 37. Kg1 Kd7 38. Kf1 Kc6 39. Ke1 Kc5 40.
b3 Kb4 41. Nd2 Bb6 42. Nec4 Bc5 43. Kd1 e5 44. Kc2 Ne6 45. Kd1 Nd4 46. Kc1 Be7
47. Kb2 Ne2 48. Nb6 Kc5 49. Nd5 Bd8 50. Ne3 Nf4 51. Kc3 Ne2+ 52. Kb2 Kd4 53.
Nec4 Kc5 54. Ne3 Kd4 55. Nec4 Kc5 56. Ne3 1/2-1/2